Statistiques concernant Devinez l'œuvre d'art

Cliquez ici pour prendre le quiz!

Statistiques générales

  • Ce quiz a été pris 35 fois
  • Le résultat moyen est 5 sur 16

Statistiques - réponses

Réponse% Correct
Jacques-Louis David
74%
Édouard Manet
70%
Michel Ange
56%
Henri de Toulouse-Lautrec
52%
Elizabeth Vigée-Lebrun
44%
Jérôme Bosch
41%
Jean-Honoré Fragonard
37%
Niki de Saint Phalle
37%
Sonia Delaunay
37%
Egon Schiele
30%
Giotto
26%
Richard Orlinski
19%
Chéri Samba
11%
František Kupka
7%
Maurice Denis
4%
Robert Rauschenberg
4%

Distribution des résultats

Percentile par nombre de réponses

% des personnes avec chaque résultat

Votre développement - résultats

Vous n’avez pas pris ce quiz